[Event "SRB-chT2 West"]
[Site "Arandjelovac"]
[Date "2018.10.04"]
[Round "6.1"]
[White "Ristic, Dejan D"]
[Black "Markovic, Dejan Z"]
[Result "1-0"]
[WhiteElo "1803"]
[BlackElo "1768"]
[PlyCount "100"]
[EventDate "2018.09.07"]
[EventType "team-tourn"]
[EventRounds "11"]
[EventCountry "SRB"]
[SourceTitle "EXT 2021"]
[Source "ChessBase"]
[SourceDate "2020.10.23"]
[SourceVersion "1"]
[SourceVersionDate "2020.10.23"]
[SourceQuality "1"]
[WhiteTeam "Krusevac"]
[BlackTeam "Lipnicki Sor Sloga"]
[WhiteTeamCountry "SRB"]
[BlackTeamCountry "SRB"]

1. c4 Nf6 2. Nc3 g6 3. d4 Bg7 4. e4 d6 5. f3 c6 6. Be3 Nbd7 7. Nh3 Nb6 8. Nf2 h6 9. Qd2 Be6 10. d5 cxd5 11. cxd5 Bd7 12. Bd3 Rc8 13. 0-0 a6 14. b3 Na8 15. Rac1 b5 16. Ne2 h5 17. h4 0-0 18. Nd4 Kh7 19. Rxc8 Qxc8 20. Rc1 Qb7 21. Nc6 Bxc6 22. dxc6 Qc8 23. Nh3 Nc7 24. Nf4 Bh6 25. Kh1 Bxf4 26. Bxf4 Ne6 27. Bg3 Nc5 28. Bb1 Ne6 29. Kh2 Qa8 30. e5 dxe5 31. Bxe5 Rd8 32. Qe2 Rc8 33. Bxf6 exf6 34. Be4 Qb8+ 35. g3 Qd6 36. Rd1 Qe5 37. f4 Qc3 38. Qxh5+ Kg7 39. Bxg6 Rh8 40. Qg4 fxg6 41. Rd7+ Kh6 42. Qxe6 Qc2+ 43. Kh3 Qf5+ 44. Qxf5 gxf5 45. c7 Rc8 46. g4 Kg6 47. h5+ Kh6 48. Kh4 fxg4 49. Kxg4 f5+ 50. Kxf5 Kxh5 1-0